Neetimante raktam/ (Record no. 31056)

000 -LEADER
fixed length control field 00326nam a22001451a 4500
082 ## - DEWEY DECIMAL CLASSIFICATION NUMBER
Classification number M3
Item number VIM/N
100 ## - MAIN ENTRY--AUTHOR NAME
Personal name Vimal
245 ## - TITLE STATEMENT
Title Neetimante raktam/
Statement of responsibility, etc by Vimal
260 ## - PUBLICATION, DISTRIBUTION, ETC. (IMPRINT)
Place of publication Kottayam:
Name of publisher RIEBF,
Year of publication 1999.
300 ## - PHYSICAL DESCRIPTION
Number of Pages 162p.
650 ## - SUBJECT ADDED ENTRY--TOPICAL TERM
Topical Term Novel Malayalam
650 ## - SUBJECT ADDED ENTRY--TOPICAL TERM
Topical Term Literature Malayalam
650 ## - SUBJECT ADDED ENTRY--TOPICAL TERM
Topical Term Literature
942 ## - ADDED ENTRY ELEMENTS (KOHA)
Koha item type Book
Holdings
Withdrawn status Lost status Damaged status Not for loan Permanent Location Current Location Date acquired Cost, normal purchase price Full call number Accession Number Cost, replacement price Price effective from Koha item type
Write off   Damaged 1 Sree Sankaracharya University of Sanskrit Sree Sankaracharya University of Sanskrit 08.01.2015 50.00 M3 VIM N99 020651 0.00 08.01.2015 Book